| 000 | 01380nam a2200373 a 4500 | ||
|---|---|---|---|
| 001 | ebr5003257 | ||
| 003 | CaPaEBR | ||
| 006 | m u | ||
| 007 | cr cn||||||||| | ||
| 008 | 981207s1999 enkb sb 001 0 eng | ||
| 015 | _aGB98-V4274 | ||
| 016 | 7 |
_a1857285247 _2Uk |
|
| 020 | _z1857285247(cased) | ||
| 020 | _z1857285255(pbk.) | ||
| 040 |
_aCaPaEBR _cCaPaEBR |
||
| 035 | _a(OCoLC)48138365 | ||
| 050 | 1 | 4 |
_aDT21.5 _b.C58 1999eb |
| 082 | 0 | 4 |
_a355.0209609045 _221 |
| 100 | 1 |
_aClayton, Anthony, _d1928- |
|
| 245 | 1 | 0 |
_aFrontiersmen _h[electronic resource] : _bwarfare in Africa since 1950 / _cAnthony Clayton. |
| 260 |
_aLondon : _bUCL Press, _c1999. |
||
| 300 |
_axxiv,235 p. : _bmaps. |
||
| 490 | 1 | _aWarfare and history | |
| 504 | _aBibliography: p227-229. - Includes index. | ||
| 533 |
_aElectronic reproduction. _bPalo Alto, Calif. : _cebrary, _d2013. _nAvailable via World Wide Web. _nAccess may be limited to ebrary affiliated libraries. |
||
| 650 | 0 | _aWar. | |
| 650 | 0 |
_aMilitary art and science _zAfrica _xHistory _y20th century. |
|
| 651 | 0 |
_aAfrica _xHistory, Military. |
|
| 651 | 0 |
_aAfrica _xHistory _y20th century. |
|
| 655 | 7 |
_aElectronic books. _2local |
|
| 710 | 2 | _aebrary, Inc. | |
| 830 | 0 | _aWarfare and history. | |
| 856 | 4 | 0 |
_uhttp://site.ebrary.com/lib/rucke/Doc?id=5003257 _zAn electronic book accessible through the World Wide Web; click to view |
| 999 |
_c1841 _d1841 |
||